Etnocentricky zamerané marketingové stratégie
Salvato in:
| Autore principale: | |
|---|---|
| Ente Autore: | |
| Altri autori: | , , |
| Natura: | Libro |
| Lingua: | slovacco inglese |
| Pubblicazione: |
Banská Bystrica
BELIANUM
2017
|
| Edizione: | 1. vyd. |
| Serie: | Studia oeconomica
56 |
| Soggetti: | |
| Tags: |
Nessun Tag, puoi essere il primo ad aggiungerne!!
|
MARC
| LEADER | 00000nam a2200000 4500 | ||
|---|---|---|---|
| 001 | 0239910 | ||
| 005 | 20230118112016.3 | ||
| 020 | |a 978-80-557-1203-1 | ||
| 041 | 0 | |a slo | |
| 041 | 0 | |a eng | |
| 044 | |a SK | ||
| 245 | 1 | 0 | |a Etnocentricky zamerané marketingové stratégie |c Jaroslav Ďaďo... [et al.] |
| 250 | |a 1. vyd. | ||
| 264 | 1 | |a Banská Bystrica |b BELIANUM |c 2017 | |
| 300 | |a 245 s. | ||
| 490 | 1 | |a Studia oeconomica |v 56 | |
| 830 | 0 | |a Studia oeconomica |v 56 | |
| 610 | 2 | 0 | |a správanie spotrebiteľa |
| 610 | 2 | 0 | |a modely |
| 610 | 2 | 0 | |a výrobky domáce |
| 610 | 2 | 0 | |a stratégia marketingová |
| 610 | 2 | 0 | |a klasifikácia |
| 610 | 2 | 0 | |a výskum |
| 610 | 2 | 0 | |a metódy výskumu |
| 610 | 2 | 0 | |a podnik |
| 610 | 2 | 0 | |a značky kvality |
| 610 | 2 | 0 | |a podpora podnikania |
| 610 | 2 | 0 | |a podpora štátna |
| 610 | 2 | 0 | |a Slovensko |
| 100 | 1 | |a Ďaďo, Jaroslav | |
| 700 | 1 | |a Táborecká-Petrovičová, Janka | |
| 700 | 1 | |a Nagyová, Ľudmila | |
| 700 | 1 | |a Zajková, Daniela | |
| 710 | 2 | |a Univerzita Mateja Bela v Banskej Bystrici. Ekonomická fakulta | |